Jelly Belly Flavors Quiz Stats

 Plays Quiz Updated Jun 5, 2018

Score 0/50 Timer 07:00
0 Plays Today
Flavor % Correct
Blueberry
80.6%
Sunkist Lemon
78.1%
Buttered Popcorn
67.7%
Cotton Candy
65.5%
Coconut
63.6%
Watermelon
59.8%
A&W® Root Beer
58.7%
Bubble Gum
58%
Green Apple
57.8%
Licorice
56.3%
Cinnamon
50%
Peach
49.6%
French Vanilla
46.8%
Tutti-Fruitti
46.6%
Raspberry
43.8%
Sunkist Tangerine
40.3%
Lemon Lime
35.9%
Toasted Marshmallow
31.4%
Piña Colada
31.4%
A&W® Cream Soda
30.2%
Sunkist Pink Grapefruit
30.1%
Mango
28%
Dr. Pepper®
27.4%
Very Cherry
26.5%
Juicy Pear
26.4%
Flavor % Correct
Chocolate Pudding
23.6%
Kiwi
23.2%
Plum
21.4%
Strawberry Cheesecake
20.5%
Red Apple
20.1%
Cantaloupe
20.1%
Mixed Berry Smoothie
18.5%
Margarita
18.4%
Lemon Drop
18.3%
Top Banana
17.3%
Berry Blue
16.9%
Sunkist Orange
16.2%
Chili Mango
14.3%
Sunkist Lime
14%
Pomegranate
13.8%
Caramel Corn
13.5%
Strawberry Jam
13%
Sour Cherry
12.9%
Island Punch
12.7%
Strawberry Daiquiri
12.6%
Sizzling Cinnamon
11.4%
Orange Sherbet
11.2%
Crushed Pineapple
9.7%
Cappuccino
9.4%
Wild Blackberry
7.8%

You're not logged in!

Compare scores with friends on all Sporcle quizzes.
OR
Log In

Sporcle TV

Today on Sporcle TV


Watch our educational content, quiz creation guides, and fun videos on Sporcle TV.

Show Comments

Extras

Top Quizzes Today


Score Distribution

Your Account Isn't Verified!

In order to create a playlist on Sporcle, you need to verify the email address you used during registration. Go to your Sporcle Settings to finish the process.

Report this User

Report this user for behavior that violates our Community Guidelines.

Details: